000 00226 a2200097 4500
001 47902
100 _aStewerison A E
245 _aCall to Greatness
260 _aLondon
_bWilliam Clowes & Sons Ltd
_c
090 _c30897
_d30897
942 _aNUST-CAE
_cM
_c23221
999 _c282975
_d282975